00429nam a2200145Ia 4500008004100000020001800041050002300059100001900082245005600101250001200157260003300169300002100202500005100223521000900274140529s9999 xx 000 0 und d a9781583919293 aRC 514b.M394 2007 aMcKenna, P. J. aSchizophrenia and related syndromes /cP.J. McKenna a2nd ed. aLondon :bRoutledge,cc2007. a521 p. ;c24 cm. aIncludes bibliographical references and index. aSPED